|
|
|
|
| LEADER |
02053cas a2200505 i 4500 |
| 001 |
nkc20051315942 |
| 003 |
CZ PrNK |
| 005 |
20200625093334.0 |
| 007 |
ta |
| 008 |
040519c19929999xr ar 0 b0cze |
| 015 |
|
|
|z cnb001315942
|
| 040 |
|
|
|a ABA001
|b cze
|d ABA001
|e rda
|
| 043 |
|
|
|a e-xr---
|
| 072 |
|
7 |
|a 347.9
|x Občanské soudní řízení. Soudnictví
|2 Konspekt
|9 16
|
| 080 |
|
|
|a 347.965
|2 MRF
|
| 080 |
|
|
|a (437.3)
|2 MRF
|
| 080 |
|
|
|a (058)
|2 MRF
|
| 080 |
|
|
|a (083.8)
|2 MRF
|
| 110 |
2 |
|
|a Česká advokátní komora
|7 kn20020321245
|4 aut
|
| 245 |
1 |
0 |
|a Seznam advokátů České advokátní komory k ...
|
| 264 |
|
1 |
|a Praha :
|b Česká advokátní komora,
|c [1992?]-
|
| 300 |
|
|
|a ^^^svazků ;
|c 21 cm
|
| 310 |
|
|
|a 1x ročně
|
| 336 |
|
|
|a text
|b txt
|2 rdacontent
|
| 337 |
|
|
|a bez média
|b n
|2 rdamedia
|
| 338 |
|
|
|a svazek
|b nc
|2 rdacarrier
|
| 362 |
0 |
|
|a Rok 1992-
|
| 541 |
|
|
|c pv-r
|
| 500 |
|
|
|a Součástí názvu je datum
|
| 588 |
|
|
|a Popsáno podle: 1996
|5 CZ-PrNK
|
| 650 |
0 |
7 |
|a advokáti
|7 ph118269
|z Česko
|2 czenas
|
| 650 |
0 |
9 |
|a advocates
|z Czechia
|2 eczenas
|
| 655 |
|
7 |
|a seznamy
|7 fd133378
|2 czenas
|
| 655 |
|
7 |
|a ročenky
|7 fd133307
|2 czenas
|
| 655 |
|
9 |
|a lists
|2 eczenas
|
| 655 |
|
9 |
|a yearbooks
|2 eczenas
|
| 910 |
2 |
|
|a BOA001
|b 2-1346.100
|s 1993,1998-
|
| 990 |
|
|
|a SE
|
| 995 |
|
|
|a 11
|
| 991 |
|
|
|b 201505
|c NOV
|e n
|
| 996 |
6 |
|
|b 2610631651
|c 2-1346.100
|d 1998 (stav k 1.1.1998)
|y 1998
|l MZK
|r Sklad / do 1 hodiny
|n 0
|p p.v.
|w 001503114
|u 000010
|a 1
|e BOA001
|j MZK50
|s P
|
| 996 |
6 |
|
|b 2610828780
|c 2-1346.100
|d 2000 (stav k 1.1.2000)
|v 1
|y 2000
|l MZK
|r Sklad / do 1 hodiny
|n 0
|p p.v.
|w 001503114
|u 000020
|a 1
|e BOA001
|j MZK50
|s P
|
| 996 |
6 |
|
|b 2610833454
|c 2-1346.100
|d 1993 (stav k 3.6.1993)
|y 1993
|l MZK
|r Sklad / do 1 hodiny
|n 0
|p dar
|w 001503114
|u 000030
|a 1
|e BOA001
|j MZK50
|s P
|
| 996 |
6 |
|
|b 2610833455
|c 2-1346.100
|d 1993 (stav k 3.6.1993)
|y 1993
|l MZK
|r Sklad / do 1 hodiny
|n 0
|p dar
|w 001503114
|u 000040
|a 1
|e BOA001
|j MZK50
|s P
|
| 996 |
6 |
|
|b 2610873829
|c 2-1346.100
|d 2000 (stav k 1.1.2000)
|v 2
|y 2000
|l MZK
|r Sklad / do 1 hodiny
|n 0
|p dar
|w 001503114
|u 000050
|a 1
|e BOA001
|j MZK50
|s P
|